00713nam a22001577a 450000500170000000800410001702000220005805000220008010000270010224500860012926000330021530000140024850000480026265001780031070000670048820260128114011.0260128b |||||||| |||| 00| 0 eng d a978-9-0043-2206-6 aKQC 117 .E27 2017 aUGIRASHEBUJA, EMMANUEL aEAST AFRICAN COMMUNITY LAW: INSTITUTIONAL, SUBSTANTIVE AND COMPARATIVE EU ASPECTS a LeidenbBrill Nijhoffc2017 aXIV,539P. aINCLUDES BIBLIOGRAPHIC REFERENCES AND INDEX a1. Comparative law International and municipal law 2. East African Community Law. 3. International unification Law. 4. East African Community Law. 5.European Union countries a1. RUHANGISA, JOHN EUDES 2. OTTERVANGER, TOM 3. CUYVERS, ARMIN